000 00373 a2200109 4500
001 ART_31274
005 20260410161840.0
008 260409a
245 1 0 _aLa influencia de la ciudadanía en la creación de estándares normativos de lucha contra la corrupción
100 1 _aCumini, Cecilia
773 0 _tRAP
_g- Año 36, Nº 421 (oct. 2013)
_wREV5941
999 _c24011
_d24011